THE COACHING : PRACTICAL STEPS TO BECOMING A CONFIDENT COACH

Bibliographic Details
Main Author: Soames, Nicole (Author)
Format: Book
Subjects:

MARC

LEADER 00000cam a2200000 7i4500
001 0000280607
005 20210805105507.0
006 a ### ###
007 t
008 210628s2019 enka e 0000 eng #
020 |a 9781912555536 
040 |a MBPJ   |b eng   |c MBPJ   |e rda 
090 0 0 |a 658.3124   |b SOA 
100 1 |a Soames, Nicole ,   |e author 
245 1 4 |a THE COACHING :   |b PRACTICAL STEPS TO BECOMING A CONFIDENT COACH   |c NICOLE SOAMES 
264 0 |a London, UK :   |b LID Publishing Limited   |c [2019] 
264 0 |c ©2019 
300 |a 135 pages :   |b colour illustrations ;   |c 18 cm. 
336 |a still image  |2 rdacontent 
336 |a text  |2 rdacontent 
337 |a unmediated  |2 rdamedia 
338 |a volume  |2 rdacarrier 
650 0 |a Emotional intelligence 
650 0 |a Employees   |x Coaching of 
999 |a 00387433   |b BUKU   |c PINJAMAN   |e PERPUSTAKAAN KOMUNITI PETALING JAYA